000 01521nam a22002297a 4500
999 _c57786
_d57786
003 Ge_BSU
005 20201130143726.0
008 201130s2016 ge ||||| |||| 00| 0 geo d
041 _ageo
080 _a615.11 ბ-19
100 _aბაკურიძე, ალიოშა
_92889
245 _aგალენური პრეპარატების ტექნოლოგია :
_b(პრაქტიკული კურსი); სახელმძღვანელო - თბილისის სახელმწიფო სამედიცინო უნივერსიტეტის ფარმაციის ფაკულტეტის სტუდენტებისათვის /
_cალიოშა ბაკურიძე, გულნარა მიქაია, ლაშა ბაკურიძე; რედ. პროფ. ვ. ერიაშვილი.
264 _aთბილისი:
_bთსსუ,
_c2016.
300 _a208 გვ.:
_bსურ., ცხ., სქემ.
_c28 სმ.
504 _aბიბლიოგრ. გვ. 206
653 _aფარმაცია
653 _aგალენური პრეპარატები - ტექნოლოგია
700 _aმიქაია, გულნარა
_eავტორი
_99795
700 _aბაკურიძე, ლაშა
_eავტორი
_99796
700 _a ერიაშვილი, ვ.
_eრედაქტორი
_99797
942 _2udc
_cBK